Estadísticas para Máximos goleadores de la Primera División de España 2011-2012

Haz click aquí para intentar la prueba.

Estadísticas generales

  • Esta prueba ha sido intentada 50 veces
  • La puntuación promedio es 7 de 10

Estadísticas de respuestas

GolesNacionalidadEquipoJugador% Correcto
46PortugalReal Madrid C. F.Cristiano Ronaldo
100%
20FranciaReal Madrid C. F.Karim Benzema
100%
50ArgentinaF. C. BarcelonaLionel Messi
100%
24ColombiaAtlético de MadridRadamel Falcao
100%
23ArgentinaReal Madrid C. F.Gonzalo Higuaín
95%
19EspañaAthletic ClubFernando Llorente
64%
19EspañaValencia C. F.Roberto Soldado
64%
17EspañaReal BetisRubén Castro
59%
16Costa de MarfilLevante U. D.Arouna Koné
30%
16EspañaRayo VallecanoMichu
30%

Distribución de puntuación

Porcentaje por número respondido

Porcentaje de gente con cada puntuación

Historial de tus puntuaciones

No has intentado esta prueba.